[Event "GER Cup Net V3 U2000"]
[Site "Playchess.com INT"]
[Date "2020.05.27"]
[Round "6"]
[White "Nithammer, Wolfgang"]
[Black "Wagner, Rainer"]
[Result "0-1"]
[WhiteElo "1670"]
[BlackElo "1845"]
[PlyCount "48"]
[EventDate "2020.05.27"]
[EventType "swiss (blitz)"]
[EventRounds "9"]
[EventCountry "GER"]
[SourceTitle "EXT 2021"]
[Source "ChessBase"]
[SourceDate "2020.10.23"]
[SourceVersion "1"]
[SourceVersionDate "2020.10.23"]
[SourceQuality "1"]

1. e4 c5 2. Nc3 a6 3. d3 b5 4. Be3 e6 5. g3 Bb7 6. Bg2 Nf6 7. Nge2 d5 8. exd5 Nxd5 9. Nxd5 Bxd5 10. 0-0 Nc6 11. Nf4 Bxg2 12. Nxg2 Be7 13. c3 Qd7 14. Qc2 Ne5 15. Rad1 Rd8 16. d4 cxd4 17. Bxd4 Nf3+ 18. Kh1 Nxd4 19. Rxd4 Qc6 20. Rfd1 0-0 21. Qd3 g6 22. Qe2 Rxd4 23. Rxd4 Rd8 24. Rd7 Rxd7 0-1

[Event "GER Cup Net V2 U2000"]
[Site "Playchess.com INT"]
[Date "2020.05.22"]
[Round "8"]
[White "Friemel, Reinhard"]
[Black "Nithammer, Wolfgang"]
[Result "0-1"]
[WhiteElo "1662"]
[BlackElo "1688"]
[PlyCount "66"]
[EventDate "2020.05.22"]
[EventType "swiss (blitz)"]
[EventRounds "9"]
[EventCountry "GER"]
[SourceTitle "EXT 2021"]
[Source "ChessBase"]
[SourceDate "2020.10.23"]
[SourceVersion "1"]
[SourceVersionDate "2020.10.23"]
[SourceQuality "1"]

1. e4 c5 2. c4 e6 3. Nc3 d6 4. g3 Nc6 5. Bg2 g6 6. Nge2 Bg7 7. 0-0 Nge7 8. d3 0-0 9. h3 f5 10. a3 fxe4 11. dxe4 e5 12. Rb1 Nd4 13. f4 exf4 14. Bxf4 Nec6 15. Nd5 Be6 16. Nxd4 Nxd4 17. b4 b6 18. e5 dxe5 19. Be3 Rc8 20. Bxd4 exd4 21. bxc5 bxc5 22. Nf4 Bf5 23. Rb7 Rc7 24. Rb3 Qg5 25. g4 Bc8 26. Qf3 Rcf7 27. Qd5 Qe7 28. Rfb1 Kh8 29. Rb8 Rxf4 30. Rxc8 Rxc8 31. Rb7 Qe3+ 32. Kh2 Rcf8 33. Rxg7 Kxg7 0-1

[Event "GER Cup Net V2 U2000"]
[Site "Playchess.com INT"]
[Date "2020.05.22"]
[Round "6"]
[White "Nithammer, Wolfgang"]
[Black "Schliedermann, Mario"]
[Result "1-0"]
[WhiteElo "1671"]
[BlackElo "1571"]
[PlyCount "79"]
[EventDate "2020.05.22"]
[EventType "swiss (blitz)"]
[EventRounds "9"]
[EventCountry "GER"]
[SourceTitle "EXT 2021"]
[Source "ChessBase"]
[SourceDate "2020.10.23"]
[SourceVersion "1"]
[SourceVersionDate "2020.10.23"]
[SourceQuality "1"]

1. e4 d6 2. Nc3 Nf6 3. d3 e5 4. f4 Be7 5. Nf3 Nc6 6. Be2 0-0 7. 0-0 a6 8. Nd5 Nxd5 9. exd5 Nb8 10. fxe5 dxe5 11. c4 Bc5+ 12. Kh1 f6 13. a3 a5 14. Bd2 Bd7 15. b4 axb4 16. axb4 Rxa1 17. Qxa1 Be7 18. c5 Qe8 19. Qa7 Qc8 20. Ne1 Na6 21. Nc2 Qa8 22. Qxa8 Rxa8 23. d4 Nb8 24. dxe5 Ra2 25. Rc1 fxe5 26. Bc4 Rxc2 27. Rxc2 Kh8 28. Bc3 Bf6 29. Re2 c6 30. d6 Bg4 31. Re1 Nd7 32. h3 Bf5 33. g4 Bg6 34. Be6 Bh4 35. Rf1 Be4+ 36. Kh2 Bf6 37. Bxd7 Bd3 38. Re1 e4 39. Bxf6 gxf6 40. Bf5 1-0

[Event "GER Cup Net V2 U2000"]
[Site "Playchess.com INT"]
[Date "2020.05.22"]
[Round "7"]
[White "Nithammer, Wolfgang"]
[Black "Stangl, Anita"]
[Result "1/2-1/2"]
[WhiteElo "1684"]
[BlackElo "1765"]
[PlyCount "81"]
[EventDate "2020.05.22"]
[EventType "swiss (blitz)"]
[EventRounds "9"]
[EventCountry "GER"]
[SourceTitle "EXT 2021"]
[Source "ChessBase"]
[SourceDate "2020.10.23"]
[SourceVersion "1"]
[SourceVersionDate "2020.10.23"]
[SourceQuality "1"]

1. e4 e6 2. Nc3 d5 3. d3 Bb4 4. Bd2 d4 5. Nce2 Bxd2+ 6. Qxd2 c5 7. f4 Nc6 8. Nf3 Nf6 9. h3 0-0 10. Ng3 Qc7 11. Be2 e5 12. f5 g6 13. fxg6 fxg6 14. 0-0 Be6 15. Ng5 Qd7 16. Nxe6 Qxe6 17. Rf2 Nd7 18. Raf1 Rxf2 19. Rxf2 Rf8 20. Bg4 Qe7 21. Rxf8+ Nxf8 22. Qf2 Ne6 23. Ne2 h5 24. Bxe6+ Qxe6 25. a3 b5 26. Nc1 c4 27. b3 a5 28. bxc4 bxc4 29. Qd2 c3 30. Qf2 Qd6 31. a4 Qa3 32. Nb3 Qxa4 33. Qf6 Kh7 34. Qf7+ Kh6 35. Qf6 Qb5 36. h4 Kh7 37. Qf7+ Kh6 38. Qf8+ Kh7 39. Qf7+ Kh6 40. Qf8+ Kh7 41. Qf7+ 1/2-1/2

[Event "GER Cup Net V2 U2000"]
[Site "Playchess.com INT"]
[Date "2020.05.22"]
[Round "9"]
[White "Riesner, Daniel"]
[Black "Nithammer, Wolfgang"]
[Result "1-0"]
[WhiteElo "2060"]
[BlackElo "1704"]
[PlyCount "37"]
[EventDate "2020.05.22"]
[EventType "swiss (blitz)"]
[EventRounds "9"]
[EventCountry "GER"]
[SourceTitle "EXT 2021"]
[Source "ChessBase"]
[SourceDate "2020.10.23"]
[SourceVersion "1"]
[SourceVersionDate "2020.10.23"]
[SourceQuality "1"]

1. d4 c5 2. d5 d6 3. Nc3 e5 4. e4 Be7 5. Bb5+ Bd7 6. a4 a6 7. Be2 Bg5 8. Nf3 Bxc1 9. Qxc1 Nh6 10. Qg5 Qxg5 11. Nxg5 0-0 12. 0-0 f5 13. exf5 Nxf5 14. Ne6 Rf7 15. Bc4 Nd4 16. Nxd4 exd4 17. Ne4 Bf5 18. Nxd6 Rd7 19. Nxf5 1-0

[Event "GER Cup Net V1 U2000"]
[Site "Playchess.com INT"]
[Date "2020.05.19"]
[Round "7"]
[White "Nithammer, Wolfgang"]
[Black "Lang, Alexander"]
[Result "1-0"]
[WhiteElo "1692"]
[BlackElo "1789"]
[PlyCount "75"]
[EventDate "2020.05.19"]
[EventType "swiss (blitz)"]
[EventRounds "9"]
[EventCountry "GER"]
[SourceTitle "EXT 2021"]
[Source "ChessBase"]
[SourceDate "2020.10.23"]
[SourceVersion "1"]
[SourceVersionDate "2020.10.23"]
[SourceQuality "1"]

1. e4 c6 2. Nc3 d5 3. d3 e5 4. g3 Bd6 5. Bg2 Nf6 6. exd5 cxd5 7. Nge2 Be6 8. 0-0 Nc6 9. f4 exf4 10. Nxf4 0-0 11. Nxe6 fxe6 12. Bg5 Qb6+ 13. Kh1 Qxb2 14. Ne2 Ng4 15. Qc1 Qxc1 16. Raxc1 h6 17. Bd2 Nf2+ 18. Kg1 Bc5 19. d4 Ba3 20. Rb1 Ng4 21. Rxb7 Rxf1+ 22. Bxf1 Rb8 23. Rxb8+ Nxb8 24. h3 Nf6 25. Nf4 Kf7 26. Bd3 Nc6 27. c3 Bd6 28. Kg2 Ne7 29. Kf3 g5 30. Ne2 Nc6 31. g4 e5 32. dxe5 Nxe5+ 33. Ke3 Bc5+ 34. Nd4 Nc6 35. Bf5 Nxd4 36. cxd4 Ne8 37. dxc5 Nc7 38. Kd4 1-0

[Event "GER Cup Net V1 U2000"]
[Site "Playchess.com INT"]
[Date "2020.05.19"]
[Round "1"]
[White "Nithammer, Wolfgang"]
[Black "Riesner, Daniel"]
[Result "0-1"]
[WhiteElo "1690"]
[BlackElo "2144"]
[PlyCount "101"]
[EventDate "2020.05.19"]
[EventType "swiss (blitz)"]
[EventRounds "9"]
[EventCountry "GER"]
[SourceTitle "EXT 2021"]
[Source "ChessBase"]
[SourceDate "2020.10.23"]
[SourceVersion "1"]
[SourceVersionDate "2020.10.23"]
[SourceQuality "1"]

1. e4 e5 2. Nc3 Nf6 3. d3 d5 4. exd5 Nxd5 5. Bd2 Nc6 6. Nf3 Be6 7. Be2 Be7 8. 0-0 0-0 9. a3 a5 10. Ne4 f6 11. c4 Nb6 12. Be3 a4 13. Nc5 Bc8 14. Qc2 Nd4 15. Bxd4 exd4 16. b4 axb3 17. Nxb3 c5 18. Nbd2 Bd7 19. Ne4 Bc6 20. Nfd2 f5 21. Ng3 Na4 22. Bf3 Qd7 23. Bxc6 Qxc6 24. Nf3 Bd6 25. Rfe1 Nc3 26. Ne2 Nxe2+ 27. Rxe2 Rfe8 28. Rxe8+ Rxe8 29. Re1 Rxe1+ 30. Nxe1 Qe8 31. Qd1 Qe7 32. Nf3 h6 33. Kf1 g5 34. Qe2 Kf7 35. Qxe7+ Kxe7 36. g3 Ke6 37. Ke2 Be7 38. Nd2 g4 39. f4 h5 40. Kd1 Kd6 41. Kc2 Kc6 42. Kb3 b5 43. cxb5+ Kxb5 44. Nc4 h4 45. Nb2 hxg3 46. hxg3 Bd6 47. a4+ Kc6 48. Kc4 Bxf4 49. gxf4 g3 50. Nd1 g2 51. Nf2 0-1

[Event "GER-ch Net Amateur Gr-B Vor3"]
[Site "Playchess.com INT"]
[Date "2020.04.16"]
[Round "6"]
[White "Hoppe, Frank"]
[Black "Nithammer, Wolfgang"]
[Result "0-1"]
[WhiteElo "1816"]
[BlackElo "1611"]
[PlyCount "61"]
[EventDate "2020.04.16"]
[EventType "swiss (blitz)"]
[EventRounds "9"]
[EventCountry "GER"]
[SourceTitle "CBM 195 Extra"]
[Source "ChessBase"]
[SourceDate "2020.05.31"]
[SourceVersion "1"]
[SourceVersionDate "2020.05.31"]
[SourceQuality "1"]

1. e4 c5 2. c3 Nf6 3. e5 Nd5 4. Bc4 Nb6 5. Bb3 d5 6. d4 cxd4 7. cxd4 e6 8. Nf3 Be7 9. 0-0 Bd7 10. Nc3 Nc6 11. Be3 Na5 12. Rc1 Nxb3 13. axb3 Rc8 14. Qd3 a6 15. Nd2 Na8 16. f4 Nc7 17. Rf3 Bb5 18. Qb1 g6 19. g4 Bd7 20. Nf1 Nb5 21. Ng3 Nxc3 22. bxc3 Qb6 23. f5 exf5 24. gxf5 gxf5 25. Nxf5 Qg6+ 26. Ng3 Qxb1 27. Rxb1 Rxc3 28. Kf2 Rc2+ 29. Ne2 Bb5 30. Re1 Bh4+ 31. Kf1 0-1

[Event "GER-ch Net Amateur Gr-B Vor3"]
[Site "Playchess.com INT"]
[Date "2020.04.16"]
[Round "9"]
[White "Nithammer, Wolfgang"]
[Black "Diehl, Mirko"]
[Result "1-0"]
[WhiteElo "1644"]
[BlackElo "1756"]
[PlyCount "79"]
[EventDate "2020.04.16"]
[EventType "swiss (blitz)"]
[EventRounds "9"]
[EventCountry "GER"]
[SourceTitle "CBM 195 Extra"]
[Source "ChessBase"]
[SourceDate "2020.05.31"]
[SourceVersion "1"]
[SourceVersionDate "2020.05.31"]
[SourceQuality "1"]

1. e4 c5 2. Nc3 Nc6 3. d3 g6 4. Be3 d6 5. Be2 Bg7 6. Qd2 Bd7 7. Nf3 a6 8. 0-0 e6 9. Rab1 b5 10. a3 Nge7 11. Bh6 0-0 12. Bxg7 Kxg7 13. h3 d5 14. exd5 Nxd5 15. Nxd5 exd5 16. Nh2 Qf6 17. c3 d4 18. Ng4 Bxg4 19. Bxg4 Ne5 20. Rbe1 Nxg4 21. hxg4 Rad8 22. Re4 dxc3 23. bxc3 Qd6 24. Re3 c4 25. d4 Qxa3 26. Rfe1 Rd7 27. Re5 Qd6 28. g5 Rb8 29. Qf4 Rbb7 30. g3 a5 31. Kg2 b4 32. Rh1 Qc6+ 33. f3 Rd5 34. Qh4 Rxe5 35. Qxh7+ Kf8 36. dxe5 b3 37. Qh8+ Ke7 38. Rd1 b2 39. Qd8+ Ke6 40. Qf6# 1-0

[Event "GER-ch Net Amateur Gr-B Vor2"]
[Site "Playchess.com INT"]
[Date "2020.04.15"]
[Round "1"]
[White "Nithammer, Wolfgang"]
[Black "Schmitt, Ulrich"]
[Result "0-1"]
[WhiteElo "1651"]
[BlackElo "1459"]
[PlyCount "103"]
[EventDate "2020.04.15"]
[EventType "swiss (blitz)"]
[EventRounds "9"]
[EventCountry "GER"]
[SourceTitle "CBM 196 Extra"]
[Source "ChessBase"]
[SourceDate "2020.07.31"]
[SourceVersion "1"]
[SourceVersionDate "2020.07.31"]
[SourceQuality "1"]

1. e4 c5 2. Nc3 Nc6 3. d3 e6 4. g3 d5 5. exd5 exd5 6. Bg2 Be6 7. Nf3 d4 8. Ne4 Be7 9. Nfg5 Nf6 10. Nxe6 fxe6 11. Nxf6+ Bxf6 12. 0-0 0-0 13. Re1 Qd6 14. Qe2 e5 15. Qe4 Rae8 16. Qd5+ Qxd5 17. Bxd5+ Kh8 18. Re2 Rd8 19. Be4 Ne7 20. Bxb7 Nd5 21. Bxd5 Rxd5 22. b3 a6 23. a4 a5 24. Ba3 Rc8 25. Rae1 Rdd8 26. Kg2 Kg8 27. Re4 Kf7 28. f4 exf4 29. Rxf4 g5 30. Rf5 Kg6 31. Ref1 Rd6 32. Rxc5 Rxc5 33. Bxc5 Rc6 34. Ba3 Rxc2+ 35. Rf2 Rc3 36. Bb2 Rxd3 37. Rf3 Rd2+ 38. Rf2 Rd3 39. Ba1 Rxb3 40. Rd2 Rb4 41. Kf3 Kf5 42. Ke2 Ke4 43. Kd1 Rxa4 44. Bb2 Rb4 45. Ba3 Rb3 46. Bc5 d3 47. Kc1 Rc3+ 48. Kb1 Rxc5 49. Ka2 Ke3 50. Rg2 Rc2+ 51. Rxc2 dxc2 52. Ka3 0-1

[Event "GER-ch Net Amateur Gr-B Vor1"]
[Site "Playchess.com INT"]
[Date "2020.04.14"]
[Round "2"]
[White "Nithammer, Wolfgang"]
[Black "Plattner, Rolf"]
[Result "1-0"]
[WhiteElo "1645"]
[BlackElo "1508"]
[PlyCount "105"]
[EventDate "2020.04.14"]
[EventType "swiss (blitz)"]
[EventRounds "9"]
[EventCountry "GER"]
[SourceTitle "EXT 2021"]
[Source "ChessBase"]
[SourceDate "2020.10.23"]
[SourceVersion "1"]
[SourceVersionDate "2020.10.23"]
[SourceQuality "1"]

1. e4 Nf6 2. Nc3 d5 3. d3 dxe4 4. Nxe4 Nxe4 5. dxe4 Qxd1+ 6. Kxd1 e5 7. f3 Be6 8. Be3 Nd7 9. c3 0-0-0 10. Kc2 Kb8 11. Ne2 Be7 12. Ng3 g6 13. Be2 Nb6 14. b3 Rd7 15. Rhd1 Rhd8 16. Rxd7 Rxd7 17. Rd1 Rxd1 18. Bxd1 c6 19. a4 Nc8 20. Be2 Nd6 21. Bc5 b6 22. Bxd6+ Bxd6 23. Ba6 Kc7 24. Ne2 h5 25. h3 b5 26. axb5 Kb6 27. c4 cxb5 28. Bxb5 Bc5 29. Nc3 a6 30. Na4+ Ka5 31. Nxc5 axb5 32. Nxe6 fxe6 33. Kc3 b4+ 34. Kd3 Kb6 35. Ke3 Kc5 36. Kf2 Kd4 37. Kg3 Kc3 38. c5 Kxb3 39. c6 Ka2 40. c7 b3 41. c8Q b2 42. Qa6+ Kb1 43. Qd3+ Ka1 44. Qc3 Ka2 45. Qa5+ Kb1 46. Qxe5 Kc1 47. Qc3+ Kb1 48. Qd3+ Ka2 49. Qa6+ Kb1 50. Qxe6 Kc1 51. Qc4+ Kb1 52. Qb3 Kc1 53. e5 1-0